000
00314nam a22001337a 4500
020
_a
NA
082
_2
22
_a
604.2
100
_a
Abbott. W.
245
_a
Machine drawing and design /
250
_a
7th ed.
260
_a
London,
_b
Blackie and Son Ltd,
_c
c1960.
300
_a
281 p. ;
_b
ill. ;
_c
24 cm.
942
_2
ddc
_c
GEN
999
_c
2991
_d
2991